[Event "Rated Blitz game"]
[Site "?"]
[Date "2021.07.10"]
[Round "?"]
[White "doons21"]
[Black "KamranShirazi"]
[Result "1-0"]
[WhiteElo "2587"]
[BlackElo "2514"]
[PlyCount "169"]
[EventDate "2021.??.??"]
[EventType "blitz"]

1. e4 e5 2. Nf3 d5 3. exd5 e4 4. Qe2 Nf6 5. Nc3 Be7 6. Nxe4 Nxd5 7. d3 O-O 8.
Qd1 f5 9. Nc3 Bb4 10. Bd2 Re8+ 11. Be2 Bxc3 12. bxc3 Qf6 13. d4 Qc6 14. c4 Qxc4
15. Kf1 Qa4 16. c4 Nb6 17. c5 Qxd1+ 18. Rxd1 Nd5 19. Bc4 Be6 20. Ng5 Ne3+ 21.
fxe3 Bxc4+ 22. Kf2 h6 23. Nf3 Nd7 24. a3 Bb3 25. Rb1 Bd5 26. h3 Nf6 27. Rhe1
Ne4+ 28. Kg1 b6 29. Rbc1 bxc5 30. dxc5 Rab8 31. Ba5 c6 32. Nd4 Rb2 33. Rc2 Rxc2
34. Nxc2 Nxc5 35. Nd4 Nd3 36. Re2 g6 37. Bc7 c5 38. Nb5 a6 39. Nc3 Bc6 40. Nd1
Re7 41. Bd6 Rd7 42. Bg3 Nc1 43. Re1 Rd2 44. Nf2 Nd3 45. Nxd3 Rxg2+ 46. Kf1 Rxg3
47. Ne5 Bb5+ 48. Kf2 Rxh3 49. Rc1 c4 50. Nxg6 Rh2+ 51. Kg3 Ra2 52. Ne7+ Kf8 53.
Nxf5 Rxa3 54. Kf4 h5 55. e4 c3 56. e5 Ra4+ 57. Kg5 Bd7 58. Nd6 Rg4+ 59. Kf6
Rf4+ 60. Kg5 Rf3 61. Ne4 Rf5+ 62. Kh4 Rxe5 63. Nxc3 Rc5 64. Rf1+ Ke8 65. Ne4
Rc4 66. Rf4 Bc6 67. Nf6+ Ke7 68. Rxc4 Bb5 69. Rf4 Ke6 70. Nxh5 Ke5 71. Kg5 Be8
72. Ng3 Bd7 73. Nf5 Be6 74. Ne3 Bb3 75. Rb4 a5 76. Ng4+ Kd5 77. Rxb3 Kc4 78.
Rb8 a4 79. Ne3+ Kc5 80. Ra8 Kb4 81. Nc2+ Kb3 82. Nd4+ Kb4 83. Kf4 Kc3 84. Ke3
a3 85. Ne2+ {Time forfeit} 1-0

[Event "Rated Blitz game"]
[Site "?"]
[Date "2021.07.10"]
[Round "?"]
[White "Spanyard"]
[Black "SerialDrinker"]
[Result "1-0"]
[WhiteElo "2403"]
[BlackElo "2261"]
[PlyCount "37"]
[EventDate "2021.??.??"]
[EventType "blitz"]

1. e4 e5 2. Nf3 d5 3. exd5 e4 4. Qe2 Nf6 5. d3 Qxd5 6. Nc3 Bb4 7. Bd2 Bxc3 8.
Bxc3 O-O 9. Bxf6 exf3 10. Qe5 Qc6 11. Be7 Re8 12. O-O-O Nd7 13. Qe3 fxg2 14.
Bxg2 Qxg2 15. Rhg1 Qc6 16. Rxg7+ Kxg7 17. Rg1+ Kh8 18. Qd4+ f6 19. Qg4 {
Time forfeit} 1-0

[Event "Rated Blitz game"]
[Site "?"]
[Date "2021.07.10"]
[Round "?"]
[White "chesspartha"]
[Black "Tristan2020"]
[Result "1-0"]
[WhiteElo "2412"]
[BlackElo "2320"]
[PlyCount "125"]
[EventDate "2021.??.??"]
[EventType "blitz"]

1. e4 e5 2. Nf3 d5 3. Bb5+ c6 4. Ba4 dxe4 5. Ng1 Nf6 6. Nc3 Bg4 7. Nge2 Bc5 8.
O-O O-O 9. Qe1 Nbd7 10. Ng3 Nb6 11. Bb3 a5 12. Ncxe4 Be7 13. Nxf6+ Bxf6 14. a3
a4 15. Ba2 Re8 16. d3 Nd5 17. h3 Be6 18. Ne4 Nf4 19. Bxe6 Nxe6 20. Nxf6+ Qxf6
21. Qc3 Nd4 22. Re1 Qg6 23. Kh1 Rad8 24. Be3 Nf5 25. Bb6 Rd5 26. Re4 h5 27.
Rxa4 Qf6 28. Re1 Nd6 29. d4 e4 30. Qe3 Rb5 31. b4 Rxb6 32. Ra5 Nf5 33. Qc3 Rb5
34. Rxb5 cxb5 35. Qc5 Nxd4 36. c3 Nc6 37. Qxb5 e3 38. fxe3 Qxc3 39. Rf1 Qxe3
40. Qxb7 Qe6 41. b5 Nd4 42. b6 Nf5 43. Rc1 Ng3+ 44. Kh2 Qe5 45. Qc7 Qe3 46. b7
Kh7 47. Qxg3 Qxc1 48. b8=Q Rxb8 49. Qxb8 Qxa3 50. Qe5 Qd3 51. Qf4 Qg6 52. Qe5
Qf6 53. Qxf6 gxf6 54. Kg3 Kg6 55. Kf4 f5 56. h4 Kf6 57. g3 Kg6 58. Ke5 f6+ 59.
Ke6 f4 60. gxf4 f5 61. Ke5 Kg7 62. Kxf5 Kf7 63. Kg5 {Normal} 1-0

[Event "Rated Blitz game"]
[Site "?"]
[Date "2021.07.10"]
[Round "?"]
[White "gholamreza"]
[Black "KamranShirazi"]
[Result "1-0"]
[WhiteElo "2358"]
[BlackElo "2526"]
[PlyCount "65"]
[EventDate "2021.??.??"]
[EventType "blitz"]

1. e4 e5 2. Nf3 d5 3. d4 dxe4 4. Nxe5 Nd7 5. Nxd7 Bxd7 6. Bc4 Bd6 7. O-O h5 8.
Nc3 Nf6 9. Bg5 Bxh2+ 10. Kxh2 Ng4+ 11. Kg1 Qxg5 12. Qc1 Qh4 13. Qf4 f5 14. Nd5
c6 15. Nc7+ Ke7 16. Nxa8 g5 17. Qg3 Qxg3 18. fxg3 Rxa8 19. Rae1 Kd6 20. c3 Rh8
21. Be2 b5 22. Bxg4 hxg4 23. Kf2 f4 24. Rh1 e3+ 25. Ke2 Rxh1 26. Rxh1 c5 27.
Rh5 cxd4 28. cxd4 b4 29. Rxg5 b3 30. axb3 a6 31. gxf4 g3 32. Kxe3 Bb5 33. Rxg3
{Normal} 1-0

[Event "Rated Rapid game"]
[Site "?"]
[Date "2021.07.10"]
[Round "?"]
[White "eaguiraud"]
[Black "hmai"]
[Result "1/2-1/2"]
[WhiteElo "2405"]
[BlackElo "2271"]
[PlyCount "79"]
[EventDate "2021.??.??"]
[EventType "rapid"]

1. e4 e5 2. Nf3 d5 3. Nxe5 Bd6 4. d4 dxe4 5. Nc4 Bb4+ 6. c3 Be7 7. Bf4 Nc6 8.
Nbd2 Nf6 9. Qc2 Bf5 10. Ne3 Bg6 11. g4 h6 12. Bg2 Qd7 13. h3 Qe6 14. O-O O-O
15. Rfe1 Bd6 16. Bxd6 cxd6 17. Nef1 d5 18. Ng3 Rac8 19. Qb3 Qd7 20. f3 exf3 21.
Nxf3 Rfe8 22. Nh4 Bd3 23. Nf3 Ne4 24. Nxe4 Rxe4 25. Ne5 Rxe1+ 26. Rxe1 Nxe5 27.
Rxe5 Bc4 28. Qa3 Re8 29. Rxe8+ Qxe8 30. Qxa7 Qe3+ 31. Kh2 Qf4+ 32. Kg1 Qc1+ 33.
Kh2 Qxb2 34. Qb8+ Kh7 35. Qf4 Qxc3 36. Qf5+ Kg8 37. Qc8+ Kh7 38. Qf5+ Kg8 39.
Qc8+ Kh7 40. Qf5+ {Normal} 1/2-1/2

[Event "Rated Blitz game"]
[Site "?"]
[Date "2021.07.10"]
[Round "?"]
[White "Faighter"]
[Black "KamranShirazi"]
[Result "1-0"]
[WhiteElo "2418"]
[BlackElo "2468"]
[PlyCount "59"]
[EventDate "2021.??.??"]
[EventType "blitz"]

1. e4 e5 2. Nf3 d5 3. Nxe5 Bd6 4. d4 dxe4 5. Nc4 Be7 6. Nc3 f5 7. Be2 Nf6 8. f3
Nc6 9. d5 Nb4 10. fxe4 fxe4 11. Ne3 Bc5 12. Bc4 O-O 13. a3 Bxe3 14. Bxe3 Ng4
15. Bc5 Qh4+ 16. g3 Qh3 17. Qe2 Ne5 18. Bxf8 Bg4 19. Qxe4 Re8 20. d6+ Kh8 21.
d7 Ned3+ 22. cxd3 Rxe4+ 23. dxe4 Bxd7 24. axb4 Qg2 25. O-O-O Bg4 26. Rd8 h5 27.
Bc5+ Kh7 28. Re1 b5 29. Rd2 Qf3 30. Be2 {Time forfeit} 1-0

[Event "Rated Rapid game"]
[Site "?"]
[Date "2021.07.10"]
[Round "?"]
[White "Malygin2006"]
[Black "hy847"]
[Result "0-1"]
[WhiteElo "2337"]
[BlackElo "2476"]
[PlyCount "44"]
[EventDate "2021.??.??"]
[EventType "rapid"]

1. e4 e5 2. Nf3 d5 3. exd5 e4 4. Qe2 Nf6 5. d3 Qxd5 6. Nc3 Bb4 7. dxe4 Qxe4 8.
Bd2 Qxe2+ 9. Bxe2 O-O 10. O-O-O Bc5 11. Bf4 Bxf2 12. Bxc7 Nc6 13. Kb1 Re8 14.
Bb5 a6 15. Bxc6 bxc6 16. Rhf1 Ba7 17. Nd4 Bg4 18. Rd3 Bh5 19. Nxc6 Rac8 20. Nd5
Nxd5 21. Rxd5 Rxc7 22. Nxa7 Bg6 {Normal} 0-1

[Event "Rated Blitz game"]
[Site "?"]
[Date "2021.07.10"]
[Round "?"]
[White "quieresunglobo"]
[Black "Dzon_Vejn"]
[Result "1-0"]
[WhiteElo "2441"]
[BlackElo "2465"]
[PlyCount "81"]
[EventDate "2021.??.??"]
[EventType "blitz"]

1. e4 e5 2. Nf3 d5 3. exd5 e4 4. Qe2 Nf6 5. Nc3 Be7 6. Nxe4 O-O 7. d3 Nxd5 8.
Qd1 Re8 9. Be2 Nc6 10. O-O Bg4 11. Nc3 Nxc3 12. bxc3 Bf6 13. d4 Qe7 14. Be3
Rad8 15. Re1 a6 16. h3 Bh5 17. Rb1 b5 18. Qd2 Qd7 19. a4 bxa4 20. Ra1 h6 21.
Qd3 Nb8 22. Qc4 Bg6 23. Bd3 Bh5 24. Nd2 Bg5 25. Bxg5 Rxe1+ 26. Rxe1 hxg5 27.
Ra1 g4 28. hxg4 Qxg4 29. Qxc7 Rc8 30. Qd6 Nd7 31. Nc4 Nf6 32. Ne5 Qf4 33. Qxa6
Rb8 34. Qxa4 g6 35. Qa7 Rf8 36. Qe7 Nd5 37. Qd6 Ne3 38. fxe3 Qxe3+ 39. Kh1 Qh6
40. Qf6 Bg4+ 41. Kg1 {Time forfeit} 1-0

[Event "Rated Blitz game"]
[Site "?"]
[Date "2021.07.10"]
[Round "?"]
[White "brunosten"]
[Black "annaly1979"]
[Result "0-1"]
[WhiteElo "2556"]
[BlackElo "2413"]
[PlyCount "48"]
[EventDate "2021.??.??"]
[EventType "blitz"]

1. e4 e5 2. Nf3 d5 3. Nxe5 Qe7 4. Nf3 dxe4 5. Nd4 f5 6. Be2 Nf6 7. O-O c5 8.
Nb3 Nc6 9. d3 Be6 10. Nc3 O-O-O 11. Qe1 Nb4 12. Bf4 Nxc2 13. Qc1 Nxa1 14. Nxa1
exd3 15. Bf3 Qd7 16. Nb3 Nd5 17. Be5 c4 18. Rd1 Nxc3 19. Qxc3 Bd6 20. Na5 Bxe5
21. Qxe5 Bd5 22. Rc1 b5 23. Bxd5 Qxd5 24. Qxg7 Rhg8 {Normal} 0-1

[Event "Rated Blitz game"]
[Site "?"]
[Date "2021.07.10"]
[Round "?"]
[White "petro_an"]
[Black "annaly1979"]
[Result "1-0"]
[WhiteElo "2490"]
[BlackElo "2417"]
[PlyCount "67"]
[EventDate "2021.??.??"]
[EventType "blitz"]

1. e4 e5 2. Nf3 d5 3. exd5 e4 4. Nd4 c5 5. Nb3 f5 6. c4 Nf6 7. d3 Bd6 8. dxe4
fxe4 9. Be3 O-O 10. Be2 Bf5 11. Nc3 Nbd7 12. Qd2 a6 13. h3 Ne5 14. g4 Bg6 15.
O-O-O Nd3+ 16. Kb1 Qd7 17. Ka1 b5 18. Bxd3 exd3 19. Nxc5 Bxc5 20. Bxc5 Rfc8 21.
Bd4 bxc4 22. Bxf6 gxf6 23. f4 Rab8 24. f5 Bf7 25. g5 Rb6 26. Rhg1 Rcb8 27.
gxf6+ Kh8 28. Qh6 Bxd5 29. Rg7 Qxf5 30. Nxd5 Rxb2 31. Rf7 Rxa2+ 32. Kxa2 Qf2+
33. Rd2 Qxd2+ 34. Qxd2 {Normal} 1-0

[Event "Rated Blitz game"]
[Site "?"]
[Date "2021.07.10"]
[Round "?"]
[White "alg1"]
[Black "annaly1979"]
[Result "1/2-1/2"]
[WhiteElo "2357"]
[BlackElo "2412"]
[PlyCount "150"]
[EventDate "2021.??.??"]
[EventType "blitz"]

1. e4 e5 2. Nf3 d5 3. d4 dxe4 4. Nxe5 Bd6 5. Nc3 Bxe5 6. dxe5 Qxd1+ 7. Nxd1 Nc6
8. Bf4 Nge7 9. Nc3 Ng6 10. Bg3 Ncxe5 11. Nxe4 O-O 12. O-O-O b6 13. f3 Bb7 14.
Nc3 Rfd8 15. Be2 a6 16. h4 h5 17. b3 c5 18. Na4 b5 19. Nxc5 Bc6 20. Rxd8+ Rxd8
21. Nxa6 Ra8 22. Nb4 Bd7 23. Rd1 Ra7 24. Kb2 Kf8 25. Bf2 Rb7 26. Bc5+ Ke8 27.
Re1 Kd8 28. Nd3 f6 29. Nxe5 Nxe5 30. Bd4 Nc6 31. Bc3 b4 32. Bd2 Ne5 33. Bf4 Ng6
34. Bg3 Bf5 35. Bd3 Bxd3 36. Rd1 Rd7 37. Rxd3 Rxd3 38. cxd3 Kd7 39. Kc2 Kc6 40.
d4 Ne7 41. Kd3 Kd5 42. Be1 Nc6 43. Bd2 g6 44. g3 f5 45. Be3 Na7 46. g4 fxg4 47.
fxg4 hxg4 48. Bd2 Nb5 49. Bxb4 Nxd4 50. Be1 Nf5 51. a4 g3 52. Ke2 Ke4 53. a5
Nd4+ 54. Kf1 Kf3 55. Bxg3 Kxg3 56. a6 Nb5 57. Ke2 Kxh4 58. Kd3 g5 59. Kc4 Na7
60. b4 g4 61. b5 g3 62. b6 Nc6 63. a7 g2 64. a8=Q Ne5+ 65. Kd5 g1=Q 66. Qh8+
Kg3 67. Qg8+ Ng4 68. Qb8+ Kh3 69. Qh8+ Kg2 70. Qb2+ Nf2 71. Qg7+ Kf1 72. Qxg1+
Kxg1 73. b7 Nd3 74. b8=Q Nb4+ 75. Kc4 Nc2 {Time forfeit} 1/2-1/2

[Event "Rated Blitz game"]
[Site "?"]
[Date "2021.07.10"]
[Round "?"]
[White "spreadlove11"]
[Black "blastol"]
[Result "1-0"]
[WhiteElo "2549"]
[BlackElo "2469"]
[PlyCount "121"]
[EventDate "2021.??.??"]
[EventType "blitz"]

1. e4 e5 2. Nf3 d5 3. exd5 Bd6 4. Bb5+ c6 5. dxc6 bxc6 6. Bc4 e4 7. Nd4 Qe7 8.
Nc3 Nf6 9. b3 O-O 10. Bb2 Re8 11. h3 a5 12. Na4 Ba6 13. Qe2 Nd5 14. Nxc6 Nxc6
15. Bxa6 Ncb4 16. Bb5 Nxc2+ 17. Kd1 Nxa1 18. Bxa1 Nf4 19. Qg4 Be5 20. Bxe8 Bxa1
21. Qxf4 Rxe8 22. Ke2 Bf6 23. Rc1 Qd7 24. Nc5 Qb5+ 25. Rc4 Be5 26. Qf5 g6 27.
Qd7 Qb8 28. Rxe4 Rd8 29. Qc6 Rd6 30. Qb7 Qd8 31. d3 Bd4 32. Qb5 Qf6 33. Nb7
Qxf2+ 34. Kd1 Rf6 35. Qe8+ Kg7 36. Re2 Qf1+ 37. Kd2 Qb1 38. Qc6 Rf1 39. Qc2 Qa1
40. Nd6 Rb1 41. Nc4 Bf6 42. Re4 Bg5+ 43. Ke2 Re1+ 44. Kf3 Rf1+ 45. Kg4 Qe1 46.
Rxe1 Rxe1 47. Qc3+ f6 48. Qxe1 h5+ 49. Kg3 h4+ 50. Kh2 Bf4+ 51. Kh1 Bg3 52. Qf1
Bf2 53. Qe2 Bd4 54. Qf3 Kh6 55. Ne5 g5 56. Qe4 Bxe5 57. Qe2 Kg7 58. Qf3 Kg6 59.
Qe4+ Kf7 60. Qd5+ Kg6 61. Qc6 {Time forfeit} 1-0

[Event "Rated Blitz game"]
[Site "?"]
[Date "2021.07.10"]
[Round "?"]
[White "bingo95"]
[Black "Fantastic_power06"]
[Result "1-0"]
[WhiteElo "2515"]
[BlackElo "2689"]
[PlyCount "117"]
[EventDate "2021.??.??"]
[EventType "blitz"]

1. e4 e5 2. Nf3 d5 3. d4 dxe4 4. Nxe5 Bd6 5. Nc4 Nc6 6. Ne3 f5 7. Bb5 Nf6 8. g3
a6 9. Ba4 O-O 10. c3 Kh8 11. Ng2 b5 12. Bc2 Nd5 13. O-O Bb7 14. a4 Qf6 15. Qe2
b4 16. Bb3 bxc3 17. Bxd5 Nxd4 18. Qc4 Bxd5 19. Qxd5 Ne2+ 20. Kh1 Nxc1 21. Nxc3
Nd3 22. f3 Qh6 23. Ne2 exf3 24. Rxf3 Ne5 25. Rxf5 Rxf5 26. Qxa8+ Rf8 27. Qe4
Nf3 28. h4 Nd2 29. Qd3 Rf3 30. Qd5 Qe3 31. Nef4 Qe4 32. Qxe4 Nxe4 33. Ne2 Nxg3+
34. Nxg3 Rxg3 35. Rc1 h5 36. Rc6 Be5 37. Rxa6 Bxb2 38. Ra5 g6 39. Rg5 Rxg5 40.
hxg5 Bc1 41. Nh4 Kg7 42. Nf3 Be3 43. a5 Kf7 44. Kg2 Ke6 45. a6 Kd6 46. Kf1 Kc6
47. Ne5+ Kb6 48. Nc4+ Kxa6 49. Nxe3 Kb5 50. Nd5 Kc5 51. Ne7 Kd6 52. Nxg6 Ke6
53. Nh4 Kf7 54. Ke2 Kg7 55. Kd3 c5 56. Kc4 Kf7 57. Kxc5 Kg7 58. Kd5 Kg8 59. Ke5
{Time forfeit} 1-0

[Event "Rated Blitz tournament MMAwDqDG"]
[Site "?"]
[Date "2021.07.10"]
[Round "?"]
[White "admichael"]
[Black "ajedrezcosi"]
[Result "0-1"]
[WhiteElo "2503"]
[BlackElo "2236"]
[PlyCount "76"]
[EventDate "2021.??.??"]
[EventType "blitz"]

1. e4 e5 2. Nf3 d5 3. exd5 e4 4. Qe2 Nf6 5. Nc3 Be7 6. Nxe4 O-O 7. Nxf6+ Bxf6
8. Kd1 c6 9. c3 Bf5 10. d4 c5 11. Be3 a6 12. Kd2 b5 13. Rd1 Qa5 14. a3 b4 15.
axb4 cxb4 16. Qc4 Nd7 17. Qxb4 Qxd5 18. Bc4 Qe4 19. Ke1 Rab8 20. Qa3 Qc2 21. b3
Qxc3+ 22. Kf1 Nb6 23. Be2 Nd5 24. Bd2 Qc2 25. Qc5 Qxb3 26. Ne5 Rfc8 27. Qd6
Bxe5 28. Qxe5 Bd3 29. Bxd3 Qxd1+ 30. Qe1 Qb3 31. Qe4 Re8 32. Qxh7+ Kf8 33. Bc2
Qc4+ 34. Kg1 Qxd4 35. Qd3 Qxd3 36. Bxd3 Rb2 37. Bg5 f6 38. Be3 Nxe3 {Normal}
0-1

[Event "Rated Blitz game"]
[Site "?"]
[Date "2021.07.10"]
[Round "?"]
[White "TrispiosReturns"]
[Black "Fantastic_power06"]
[Result "0-1"]
[WhiteElo "2547"]
[BlackElo "2675"]
[PlyCount "55"]
[EventDate "2021.??.??"]
[EventType "blitz"]

1. e4 e5 2. Nf3 d5 3. exd5 e4 4. Qe2 Nf6 5. Nc3 Be7 6. Nxe4 O-O 7. d3 Re8 8. d6
cxd6 9. Qd1 d5 10. Nxf6+ Bxf6+ 11. Be2 Qe7 12. d4 Bg4 13. Be3 Qb4+ 14. Qd2 Qxb2
15. O-O b6 16. a4 Rc8 17. a5 Rxc2 18. Qd3 Rxe2 19. Rfb1 Qc2 20. axb6 Nd7 21. b7
Re8 22. Qb5 R8xe3 23. b8=Q+ Nxb8 24. fxe3 Rxg2+ 25. Kh1 h5 26. Qxb8+ Kh7 27.
Qf4 Rf2 28. Rf1 {Normal} 0-1

[Event "Rated Blitz tournament B0bOsGp1"]
[Site "?"]
[Date "2021.07.10"]
[Round "?"]
[White "Pratama-KBPL"]
[Black "Bis_Kecil_BKD"]
[Result "0-1"]
[WhiteElo "2257"]
[BlackElo "2448"]
[PlyCount "96"]
[EventDate "2021.??.??"]
[EventType "blitz"]

1. e4 e5 2. Nf3 d5 3. exd5 e4 4. Qe2 Nf6 5. Nc3 Be7 6. Nxe4 O-O 7. Nxf6+ Bxf6
8. d4 Qxd5 9. Be3 Nc6 10. c3 Bg4 11. h3 Bh5 12. g4 Bg6 13. Bg2 Rfe8 14. O-O Qd6
15. Qd2 Be4 16. Rfe1 Qd5 17. Qd1 Rad8 18. Rc1 Qxa2 19. Qd2 Na5 20. Ra1 Qd5 21.
Qe2 Nc4 22. b3 Nxe3 23. Qxe3 Re6 24. c4 Qd7 25. d5 Bxd5 26. Qxa7 Bc6 27. Rxe6
Qxe6 28. Re1 Qd7 29. Qc5 h6 30. Ne5 Bxe5 31. Qxe5 Bxg2 32. Kxg2 Qc6+ 33. Qe4
Qb6 34. Qe7 Rf8 35. c5 Qxb3 36. Qxc7 Qd5+ 37. Kg1 Qd2 38. Re7 Qd1+ 39. Kg2 Qd5+
40. Kg1 Ra8 41. Qxb7 Ra1+ 42. Kh2 Rh1+ 43. Kg3 Qxc5 44. Re8+ Kh7 45. Qxf7 Qd6+
46. Kg2 Qh2+ 47. Kf3 Qxh3+ 48. Ke2 Qxg4+ {Time forfeit} 0-1

[Event "Rated Blitz game"]
[Site "?"]
[Date "2021.07.10"]
[Round "?"]
[White "Slow_hands1985"]
[Black "Armament_Haki"]
[Result "1-0"]
[WhiteElo "2268"]
[BlackElo "2559"]
[PlyCount "117"]
[EventDate "2021.??.??"]
[EventType "blitz"]

1. e4 e5 2. Nf3 d5 3. exd5 e4 4. Qe2 Be7 5. Nd4 Nf6 6. d3 exd3 7. Qxd3 Nxd5 8.
a3 O-O 9. Be2 c5 10. Nf3 Nc6 11. O-O Bf6 12. Rd1 Be6 13. c4 Nb6 14. Qc2 Qe7 15.
Nbd2 Rfd8 16. Ne4 Bf5 17. Nxf6+ Qxf6 18. Bd3 Bxd3 19. Rxd3 Rxd3 20. Qxd3 Rd8
21. Qc2 h6 22. Be3 Nd4 23. Bxd4 cxd4 24. Rd1 d3 25. Rxd3 Rxd3 26. Qxd3 Qxb2 27.
Qd8+ Kh7 28. Qd3+ g6 29. h4 Qc1+ 30. Kh2 Qxc4 31. Qe3 Qc7+ 32. g3 a6 33. Kg2
Nc4 34. Qe4 Qc6 35. Qf4 Qd5 36. h5 g5 37. Qc1 Ne5 38. Qc2+ Kg8 39. Qc3 Qxf3+
40. Qxf3 Nxf3 41. Kxf3 Kf8 42. a4 Ke7 43. Ke4 b6 44. Ke5 f6+ 45. Kf5 b5 46.
axb5 axb5 47. Kg6 b4 48. Kxh6 b3 49. Kg7 b2 50. h6 b1=Q 51. h7 Qxh7+ 52. Kxh7
Ke6 53. Kg6 Ke5 54. f3 Ke6 55. g4 Ke5 56. Kf7 f5 57. Kg6 fxg4 58. fxg4 Ke4 59.
Kxg5 {Time forfeit} 1-0

[Event "Rated Blitz game"]
[Site "?"]
[Date "2021.07.10"]
[Round "?"]
[White "vovchik39"]
[Black "SerialDrinker"]
[Result "1-0"]
[WhiteElo "2400"]
[BlackElo "2288"]
[PlyCount "71"]
[EventDate "2021.??.??"]
[EventType "blitz"]

1. e4 e5 2. Nf3 d5 3. exd5 e4 4. Qe2 Nf6 5. d3 Qxd5 6. Nbd2 Be7 7. dxe4 Qc6 8.
Ne5 Qe6 9. f4 O-O 10. Qf3 Nc6 11. Nxc6 Qxc6 12. Bd3 Bg4 13. Qg3 Rfe8 14. h3 Be6
15. O-O Bc5+ 16. Kh2 Rad8 17. Qf3 Bd4 18. Re1 b5 19. c3 Bb6 20. Nb3 Bxb3 21.
axb3 Nd7 22. Be3 Nc5 23. Bxc5 Bxc5 24. b4 Bb6 25. Rad1 a6 26. Kg3 Qb7 27. e5
Qc8 28. Qe4 c5 29. Qxh7+ Kf8 30. Qh8+ Ke7 31. Qh4+ Kf8 32. bxc5 Qxc5 33. Kh2 b4
34. Qh8+ Ke7 35. Qxg7 bxc3 36. Bg6 {Time forfeit} 1-0

[Event "Rated Blitz game"]
[Site "?"]
[Date "2021.07.10"]
[Round "?"]
[White "cldng"]
[Black "TyphoonRex"]
[Result "1-0"]
[WhiteElo "2437"]
[BlackElo "2257"]
[PlyCount "55"]
[EventDate "2021.??.??"]
[EventType "blitz"]

1. e4 e5 2. Nf3 d5 3. Nxe5 Bd6 4. d4 dxe4 5. Bc4 Bxe5 6. dxe5 Qxd1+ 7. Kxd1 Nc6
8. Bf4 Bg4+ 9. Kc1 O-O-O 10. c3 f5 11. h3 Bh5 12. Be6+ Kb8 13. Bxf5 Nge7 14.
Bxe4 Ng6 15. Bxg6 Bxg6 16. Nd2 Rhf8 17. Bg3 Rf5 18. Re1 Re8 19. f4 h5 20. Nf3
Bf7 21. Nh4 Be6 22. Nxf5 Bxf5 23. Bh2 Ne7 24. Rd1 c6 25. b3 Nd5 26. Kb2 Ne3 27.
Rd2 c5 28. Re1 {Normal} 1-0

[Event "Rated Blitz game"]
[Site "?"]
[Date "2021.07.10"]
[Round "?"]
[White "Maestro04"]
[Black "annaly1979"]
[Result "1-0"]
[WhiteElo "2389"]
[BlackElo "2404"]
[PlyCount "59"]
[EventDate "2021.??.??"]
[EventType "blitz"]

1. e4 e5 2. Nf3 d5 3. exd5 e4 4. Nd4 c5 5. Nb3 f5 6. d4 Nf6 7. dxc5 b6 8. Bb5+
Kf7 9. c6 a6 10. Bc4 b5 11. Be2 Qxd5 12. Qxd5+ Nxd5 13. c4 Nb4 14. Na3 N4xc6
15. cxb5 Bxa3 16. bxc6 Bd6 17. Nd4 Be5 18. Be3 Bxd4 19. Bxd4 Nxc6 20. Bc4+ Kg6
21. Bc3 a5 22. h4 h5 23. Rh3 f4 24. Rh1 Nb4 25. O-O-O Bg4 26. f3 exf3 27. gxf3
Bxf3 28. Rhg1+ Kf5 29. Rg5+ Ke4 30. Re5# {Normal} 1-0

[Event "Rated Blitz game"]
[Site "?"]
[Date "2021.07.10"]
[Round "?"]
[White "MrBigBob"]
[Black "annaly1979"]
[Result "0-1"]
[WhiteElo "2356"]
[BlackElo "2413"]
[PlyCount "54"]
[EventDate "2021.??.??"]
[EventType "blitz"]

1. e4 e5 2. Nf3 d5 3. Nxe5 Qe7 4. d4 f6 5. Nd3 Nc6 6. c3 Bf5 7. Be2 Bxe4 8. O-O
Qf7 9. Re1 O-O-O 10. b4 Bd6 11. b5 Nb8 12. Nc5 Bxc5 13. dxc5 Ne7 14. b6 axb6
15. cxb6 cxb6 16. Be3 Qg6 17. Bf1 Nf5 18. Bf4 Nc6 19. Na3 Nd6 20. Qb3 Bd3 21.
Rab1 Bxb1 22. Rxb1 Ne5 23. Qxb6 Kd7 24. Qc5 Ra8 25. Qxd5 Rxa3 26. Rxb7+ Kc8 27.
Qc6+ Nxc6 {Normal} 0-1

[Event "Rated Blitz game"]
[Site "?"]
[Date "2021.07.10"]
[Round "?"]
[White "FIZDETS"]
[Black "KamranShirazi"]
[Result "1/2-1/2"]
[WhiteElo "2617"]
[BlackElo "2514"]
[PlyCount "57"]
[EventDate "2021.??.??"]
[EventType "blitz"]

1. e4 e5 2. Nf3 d5 3. Nxe5 Bd6 4. d4 dxe4 5. Nc4 Be7 6. Nc3 f5 7. Bf4 Nf6 8.
Be2 Be6 9. Ne3 c6 10. Be5 Nbd7 11. g4 fxg4 12. Nxg4 Nxe5 13. Nxe5 O-O 14. Qd2
Nd5 15. Nxe4 Bf5 16. Ng3 Bg5 17. Qd1 Bh3 18. Bc4 Kh8 19. Bxd5 Qxd5 20. Qh5 Qg2
21. Qxg5 Qxf2+ 22. Kd1 Bg2 23. Re1 Rad8 24. c3 Qxb2 25. Nf7+ Kg8 26. Nh6+ Kh8
27. Nf7+ Kg8 28. Nh6+ Kh8 29. Nf7+ {Normal} 1/2-1/2

[Event "Rated Blitz game"]
[Site "?"]
[Date "2021.07.10"]
[Round "?"]
[White "provolution"]
[Black "Razario90"]
[Result "1-0"]
[WhiteElo "2407"]
[BlackElo "2376"]
[PlyCount "69"]
[EventDate "2021.??.??"]
[EventType "blitz"]

1. e4 e5 2. Nf3 d5 3. Nxe5 Bd6 4. d4 dxe4 5. Nc4 Nf6 6. Nc3 O-O 7. Bg5 h6 8.
Bh4 Re8 9. Ne3 Nc6 10. Bc4 a6 11. a4 Bb4 12. O-O Qxd4 13. Qxd4 Nxd4 14. Bxf6
gxf6 15. Rad1 Bxc3 16. bxc3 Ne6 17. Rfe1 c6 18. Nf5 Nc5 19. Nd6 Re7 20. f3 e3
21. Rd4 Be6 22. Bxe6 Rxe6 23. Nf5 h5 24. Rxe3 Rxe3 25. Nxe3 Re8 26. Kf2 Kg7 27.
g4 hxg4 28. fxg4 Ne4+ 29. Kf3 Nxc3 30. Nf5+ Kg6 31. h4 Rh8 32. Rd7 Nxa4 33.
Rxb7 Nc5 34. Ra7 Ne6 35. c3 {Time forfeit} 1-0

[Event "Rated Blitz tournament B0bOsGp1"]
[Site "?"]
[Date "2021.07.10"]
[Round "?"]
[White "benteng_BKD"]
[Black "Bis_Kecil_BKD"]
[Result "1/2-1/2"]
[WhiteElo "2289"]
[BlackElo "2453"]
[PlyCount "126"]
[EventDate "2021.??.??"]
[EventType "blitz"]

1. e4 e5 2. Nf3 d5 3. Nxe5 dxe4 4. d4 Nd7 5. Nc4 Ngf6 6. Nc3 c5 7. dxc5 Bxc5 8.
Be3 Bxe3 9. Nxe3 O-O 10. Qd4 Qb6 11. O-O-O Qa5 12. Nc4 Qc7 13. Nd6 a6 14. Ndxe4
Nxe4 15. Qxe4 Nc5 16. Qf3 Be6 17. Bd3 b5 18. a3 Rac8 19. Kb1 Nxd3 20. Rxd3 a5
21. Rd4 Qc5 22. Qe4 b4 23. axb4 axb4 24. Rxb4 Rb8 25. Rxb8 Rxb8 26. Rd1 g6 27.
Qd4 Qa5 28. Qd6 Rb6 29. Qd8+ Kg7 30. Qd4+ Kg8 31. Rd3 Ra6 32. Qd8+ Qxd8 33.
Rxd8+ Kg7 34. b3 h5 35. Kb2 h4 36. h3 g5 37. Nb5 Bf5 38. Rd5 Kg6 39. Rd6+ Rxd6
40. Nxd6 Bd7 41. f3 f5 42. c4 g4 43. fxg4 fxg4 44. hxg4 Kg5 45. b4 Kxg4 46. b5
Kg3 47. c5 Kxg2 48. c6 Bxc6 49. bxc6 h3 50. c7 h2 51. c8=Q h1=Q 52. Qc6+ Kg1
53. Qc1+ Kh2 54. Nc4 Qg2+ 55. Nd2 Kh3 56. Qc3+ Kh2 57. Qe5+ Kh3 58. Kc2 Qg3 59.
Qf5+ Qg4 60. Qh7+ Kg3 61. Ne4+ Kf4 62. Nd2 Qf5+ 63. Qxf5+ Kxf5 {Normal} 1/2-1/2

[Event "Rated Blitz game"]
[Site "?"]
[Date "2021.07.10"]
[Round "?"]
[White "terrorboy"]
[Black "Anapolsky_Sergey"]
[Result "1-0"]
[WhiteElo "2464"]
[BlackElo "2339"]
[PlyCount "83"]
[EventDate "2021.??.??"]
[EventType "blitz"]

1. e4 e5 2. Nf3 d5 3. Nxe5 Bd6 4. d4 dxe4 5. Nc4 Nf6 6. Be2 Nc6 7. Bg5 Nxd4 8.
Nc3 Nxe2 9. Qxe2 Kf8 10. O-O-O Bf5 11. Nxd6 cxd6 12. Nd5 h6 13. Bxf6 gxf6 14.
Qh5 Bg6 15. Qh4 Kg7 16. Rhe1 Re8 17. f4 Rc8 18. g4 f5 19. g5 hxg5 20. fxg5 Rh8
21. Qf4 Rc6 22. h4 Qa5 23. Kb1 Rhc8 24. c3 Ra6 25. a3 Qb5 26. Qe3 Rc4 27. Nb4
Rb6 28. Rd5 Qa4 29. h5 Bxh5 30. Rh1 Bf3 31. Rg1 a5 32. g6 axb4 33. gxf7+ Kxf7
34. Rxf5+ Ke6 35. Qh6+ Kd7 36. Rf7+ Kc6 37. Qh3 Kb5 38. Qd7+ Rcc6 39. Rg5+ Ka6
40. axb4 Qd1+ 41. Ka2 Qa4+ 42. Kb1 {Time forfeit} 1-0